000
00294nam a2200121Ia 4500
999
_c
14391
_d
14391
003
OSt
008
260210s9999 xx 000 0 und d
020
_a
9781641164351
100
_a
Marvin Conner,
245
0
_a
Introduction to Landscape Architecture
260
_b
Callisto Ref.
942
_c
UG
_2
ddc